000 00247nam a2200109Ia 4500
008 190216s9999||||xx |||||||||||||| ||und||
100 _aDr.Abraham T Kovoor
245 0 _aBegone Godmen
260 _bCurrent Books
650 _aEnglish
942 _cBK
999 _c13292
_d13292